[Event "HUN-chT2 Toth 1819"]
[Site "Hungary"]
[Date "2019.04.28"]
[Round "11.9"]
[White "Palotai, Bendeguz"]
[Black "Hideg, Ferenc Bendeguz"]
[Result "1-0"]
[WhiteElo "1940"]
[BlackElo "1755"]
[PlyCount "125"]
[EventDate "2018.09.23"]
[EventType "team-tourn"]
[EventRounds "11"]
[EventCountry "HUN"]
[SourceTitle "EXT 2021"]
[Source "ChessBase"]
[SourceDate "2020.10.23"]
[SourceVersion "1"]
[SourceVersionDate "2020.10.23"]
[SourceQuality "1"]
[WhiteTeam "Szeged Meritum"]
[BlackTeam "Felegyhaza Csongrad"]
[WhiteTeamCountry "HUN"]
[BlackTeamCountry "HUN"]

1. d4 d5 2. Bf4 Nf6 3. c4 c6 4. e3 e6 5. Nc3 a6 6. Nf3 Nbd7 7. a3 Be7 8. h3 0-0 9. Be2 dxc4 10. Bxc4 b5 11. Ba2 c5 12. 0-0 Bb7 13. Qe2 Ne4 14. Rac1 Nxc3 15. Rxc3 cxd4 16. Bc7 Qe8 17. exd4 Nf6 18. Rcc1 Nd5 19. Be5 Qd7 20. Bb1 Bf6 21. Qe4 g6 22. Qg4 Rac8 23. Rcd1 Bg7 24. Nd2 Nb6 25. Qg3 Nc4 26. Nxc4 Rxc4 27. b3 Rcc8 28. Kh2 Rfd8 29. h4 Qe7 30. b4 Rc4 31. Ba2 Bxe5 32. dxe5 Qxh4+ 33. Qxh4 Rxh4+ 34. Kg3 Rhd4 35. Rxd4 Rxd4 36. Re1 Rd2 37. Bb3 Bd5 38. Rd1 Rb2 39. Bxd5 exd5 40. Rxd5 Rb3+ 41. Kf4 Rxa3 42. Rd6 Ra4 43. Kg5 Kg7 44. f4 h6+ 45. Kg4 Rxb4 46. Rxa6 g5 47. g3 gxf4 48. gxf4 h5+ 49. Kg5 Re4 50. Rb6 b4 51. Kf5 Rc4 52. Rb7 Kf8 53. Rb8+ Ke7 54. Kg5 Ke6 55. Rb5 h4 56. f5+ Ke7 57. Rb7+ Ke8 58. Kf6 Rc6+ 59. e6 fxe6 60. fxe6 Kd8 61. Kf7 Rc4 62. e7+ Kc8 63. e8Q+ 1-0

[Event "HUN-chT2 Toth 1819"]
[Site "Hungary"]
[Date "2018.11.18"]
[Round "4.7"]
[White "Palotai, Bendeguz"]
[Black "Papp, Zoltan"]
[Result "1-0"]
[WhiteElo "1940"]
[BlackElo "1842"]
[PlyCount "75"]
[EventDate "2018.09.23"]
[EventType "team-tourn"]
[EventRounds "11"]
[EventCountry "HUN"]
[SourceTitle "EXT 2021"]
[Source "ChessBase"]
[SourceDate "2020.10.23"]
[SourceVersion "1"]
[SourceVersionDate "2020.10.23"]
[SourceQuality "1"]
[WhiteTeam "Szeged Meritum"]
[BlackTeam "Kecskemet Toth Laszlo II"]
[WhiteTeamCountry "HUN"]
[BlackTeamCountry "HUN"]

1. d4 d5 2. Bf4 Nf6 3. e3 Bf5 4. c4 c6 5. Qb3 Qb6 6. c5 Qxb3 7. axb3 Nh5 8. Nc3 Nxf4 9. exf4 e6 10. b4 Be7 11. Nf3 0-0 12. b5 f6 13. b4 Rc8 14. Kd2 Be4 15. Ke3 Bg6 16. Be2 Nd7 17. bxc6 bxc6 18. Ra6 e5 19. fxe5 fxe5 20. Nxe5 Nxe5 21. dxe5 Rab8 22. Na2 Re8 23. Rxc6 Bg5+ 24. Kd4 Bf4 25. e6 a5 26. b5 Bf5 27. Nc3 Bxe6 28. Bf3 Bd7 29. Bxd5+ Kf8 30. Kc4 Be5 31. Rb6 Bxc3 32. Kxc3 Rxb6 33. cxb6 Bxb5 34. Rb1 Ba6 35. b7 Rb8 36. Rb6 Be2 37. Rc6 Bg4 38. Ra6 1-0

[Event "HUN-chT2 Toth 1718"]
[Site "Hungary"]
[Date "2018.03.04"]
[Round "9.4"]
[White "Papp, Bence"]
[Black "Palotai, Bendeguz"]
[Result "1-0"]
[WhiteElo "1966"]
[BlackElo "1863"]
[PlyCount "95"]
[EventDate "2017.09.24"]
[EventType "team-tourn"]
[EventRounds "11"]
[EventCountry "HUN"]
[SourceTitle "EXT 2021"]
[Source "ChessBase"]
[SourceDate "2020.10.23"]
[SourceVersion "1"]
[SourceVersionDate "2020.10.23"]
[SourceQuality "1"]
[WhiteTeam "Szeged Meritum"]
[BlackTeam "Kecskemet Toth Laszlo II"]
[WhiteTeamCountry "HUN"]
[BlackTeamCountry "HUN"]

1. e4 c5 2. Nf3 e6 3. d4 cxd4 4. Nxd4 Nc6 5. Nc3 Qc7 6. Be3 a6 7. f4 b5 8. a3 Bb7 9. Be2 Rc8 10. 0-0 Nf6 11. e5 Nxd4 12. Bxd4 Nd5 13. Nxd5 Bxd5 14. c3 Bc5 15. Bf3 Bxf3 16. Rxf3 d5 17. exd6 Qxd6 18. Rd3 Rd8 19. Qd2 Bxd4+ 20. Rxd4 Qc5 21. Rd1 Rxd4 22. Qxd4 Qxd4+ 23. Rxd4 Ke7 24. Kf2 Rc8 25. Ke3 Rc5 26. g4 h5 27. h3 hxg4 28. hxg4 g5 29. fxg5 Rxg5 30. c4 f5 31. cxb5 fxg4 32. bxa6 g3 33. a7 g2 34. Rd1 Ra5 35. Rg1 Rxa7 36. Rxg2 Kd6 37. Rg4 e5 38. Rb4 Rh7 39. a4 Rh3+ 40. Ke2 Kc5 41. Rb8 Kd4 42. a5 Rh2+ 43. Kf1 Rh1+ 44. Ke2 Ra1 45. Rb5 e4 46. Rb4+ Kc5 47. Rxe4 Rxa5 48. b4+ 1-0

[Event "HUN-chT2 Toth 1617"]
[Site "Hungary"]
[Date "2016.10.09"]
[Round "2.10"]
[White "Diamant, Tibor"]
[Black "Palotai, Bendeguz"]
[Result "0-1"]
[WhiteElo "1996"]
[BlackElo "1831"]
[PlyCount "60"]
[EventDate "2016.09.25"]
[EventType "team-tourn"]
[EventRounds "11"]
[EventCountry "HUN"]
[SourceTitle "EXT 2021"]
[Source "ChessBase"]
[SourceDate "2020.10.23"]
[SourceVersion "1"]
[SourceVersionDate "2020.10.23"]
[SourceQuality "1"]
[WhiteTeam "Mako Duocor II"]
[BlackTeam "Kecskemet Toth Laszlo II"]
[WhiteTeamCountry "HUN"]
[BlackTeamCountry "HUN"]

1. e4 e6 2. d4 d5 3. Nc3 Bb4 4. e5 c5 5. a3 Bxc3+ 6. bxc3 Ne7 7. Qg4 Qc7 8. Qxg7 Rg8 9. Qxh7 cxd4 10. Kd1 dxc3 11. f4 Nbc6 12. Nf3 Bd7 13. Ng5 0-0-0 14. Nxf7 Rdf8 15. Nd6+ Kb8 16. Rb1 Bc8 17. g3 Rd8 18. Ba6 Rxd6 19. exd6 Qxd6 20. Be2 Rd8 21. Qd3 d4 22. Bf3 Nd5 23. Re1 Ka8 24. Ke2 e5 25. Rb3 exf4 26. Bxd5 Qxd5 27. Bxf4 Bf5 28. Qf3 d3+ 29. Kf2 Qxf3+ 30. Kxf3 Nd4+ 0-1

[Event "HUN-chT2 Toth 1516"]
[Site "Hungary"]
[Date "2015.11.29"]
[Round "5.12"]
[White "Palotai, Bendeguz"]
[Black "Vertes, Imre"]
[Result "1/2-1/2"]
[WhiteElo "1734"]
[BlackElo "1684"]
[PlyCount "63"]
[EventDate "2015.09.13"]
[EventType "team-tourn"]
[EventRounds "11"]
[EventCountry "HUN"]
[SourceTitle "CBM 170 Extra"]
[Source "ChessBase"]
[SourceDate "2016.02.25"]
[SourceVersion "1"]
[SourceVersionDate "2016.02.25"]
[SourceQuality "1"]
[WhiteTeam "Toth Laszlo II"]
[BlackTeam "Bekes"]
[WhiteTeamCountry "HUN"]
[BlackTeamCountry "HUN"]

1. e4 e6 2. d4 d5 3. exd5 exd5 4. Bd3 Nf6 5. Ne2 Be7 6. Bf4 0-0 7. Nd2 Bg4 8. f3 Be6 9. c3 Nbd7 10. Qc2 c5 11. g4 c4 12. Bf5 Bxf5 13. Qxf5 Nb8 14. Ng3 g6 15. Qc2 Bd6 16. Bg5 Re8+ 17. Ne2 h6 18. Bh4 Nbd7 19. Bg3 Qe7 20. Nf1 Nh7 21. Kf2 Qf6 22. Bxd6 Qxd6 23. Qd2 Kg7 24. Nfg3 Re7 25. Qf4 Qxf4 26. Nxf4 Nhf6 27. h4 Nb6 28. h5 Rae8 29. Ng2 a6 30. Nh4 Re6 31. Ng2 R6e7 32. Nh4 1/2-1/2

[Event "HUN-chT2 Toth 1516"]
[Site "Hungary"]
[Date "2015.09.13"]
[Round "1.1"]
[White "Hideg, Ferenc Bendeguz"]
[Black "Palotai, Bendeguz"]
[Result "0-1"]
[WhiteElo "1474"]
[BlackElo "1805"]
[PlyCount "94"]
[EventDate "2015.09.13"]
[EventType "team-tourn"]
[EventRounds "11"]
[EventCountry "HUN"]
[SourceTitle "EXT 2017"]
[Source "ChessBase"]
[SourceDate "2016.10.25"]
[SourceVersion "1"]
[SourceVersionDate "2016.10.25"]
[SourceQuality "1"]
[WhiteTeam "Felegyhaza Csongrad"]
[BlackTeam "Toth Laszlo II"]
[WhiteTeamCountry "HUN"]
[BlackTeamCountry "HUN"]

1. d4 d5 2. Nf3 Nf6 3. Bf4 e6 4. h3 c5 5. e3 Qb6 6. Qc1 Bd6 7. Bxd6 Qxd6 8. c3 Nc6 9. Bb5 Bd7 10. Nbd2 0-0 11. 0-0 a6 12. Bxc6 Bxc6 13. Ne5 c4 14. Qc2 b5 15. Rfe1 Rab8 16. a3 a5 17. Nxc6 Qxc6 18. e4 b4 19. axb4 axb4 20. e5 Nd7 21. Nf3 h6 22. Reb1 Rb7 23. Nd2 f6 24. f4 Qb6 25. Kh2 fxe5 26. fxe5 Ra7 27. Rxa7 Qxa7 28. Qg6 Qa6 29. Nf1 Rb8 30. Ne3 Nf8 31. Qc2 Qa2 32. Rf1 bxc3 33. bxc3 Qxc2 34. Nxc2 Rb3 35. Rf3 Nd7 36. Nb4 Nb6 37. Na6 Na4 38. Nc7 Rxc3 39. Rxc3 Nxc3 40. Nxe6 Ne2 41. Nc5 c3 42. Nb3 c2 43. g3 c1Q 44. Nxc1 Nxc1 45. Kg2 Ne2 46. Kf3 Nxd4+ 47. Kf4 Kf7 0-1

[Event "HUN-chT U18"]
[Site "Miskolc"]
[Date "2010.11.05"]
[Round "6.17"]
[White "Palotai, Bendeguz"]
[Black "Solymosi, Zsofia"]
[Result "1-0"]
[WhiteElo "1630"]
[BlackElo "1401"]
[PlyCount "61"]
[EventDate "2010.11.02"]
[EventType "team-swiss"]
[EventRounds "8"]
[EventCountry "HUN"]
[SourceTitle "EXT 2016"]
[Source "ChessBase"]
[SourceDate "2015.10.08"]
[SourceVersion "1"]
[SourceVersionDate "2015.10.08"]
[SourceQuality "1"]

1. e4 e5 2. Nf3 Nc6 3. Bc4 Nf6 4. d3 d5 5. exd5 Nxd5 6. d4 Bg4 7. dxe5 Nce7 8. 0-0 g6 9. Bg5 c6 10. Re1 Bg7 11. Bxe7 Nxe7 12. Bxf7+ Kxf7 13. Ng5+ Ke8 14. Qxg4 Qb6 15. b3 Nf5 16. Na3 Rd8 17. Rad1 Rd4 18. Rxd4 Qxd4 19. Qxd4 Nxd4 20. Rd1 c5 21. Kf1 h6 22. Nf3 Nxf3 23. gxf3 g5 24. Nb5 a6 25. Nd6+ Ke7 26. Nf5+ Kf7 27. Nxg7 Kxg7 28. Rd7+ Kg6 29. Rxb7 Kf5 30. e6 Re8 31. e7 1-0

[Event "HUN-chT U18"]
[Site "Miskolc"]
[Date "2008.10.30"]
[Round "7.19"]
[White "Sike, Tamas"]
[Black "Palotai, Bendeguz"]
[Result "1-0"]
[WhiteElo "1694"]
[BlackElo "1677"]
[PlyCount "47"]
[EventDate "2008.10.27"]
[EventType "team-swiss"]
[EventRounds "8"]
[EventCountry "HUN"]
[SourceTitle "EXT 2016"]
[Source "ChessBase"]
[SourceDate "2015.10.08"]
[SourceVersion "1"]
[SourceVersionDate "2015.10.08"]
[SourceQuality "1"]

1. e4 c5 2. Nf3 Nc6 3. d4 cxd4 4. Nxd4 Nf6 5. Nc3 d6 6. Bc4 Qb6 7. Nxc6 bxc6 8. 0-0 e6 9. b3 d5 10. exd5 cxd5 11. Bb5+ Bd7 12. Bxd7+ Nxd7 13. Re1 Be7 14. Qg4 g6 15. Bb2 Rg8 16. Qe2 Qd8 17. Nxd5 exd5 18. Ba3 Nb6 19. Bxe7 Qd7 20. Bg5+ Kf8 21. Bh6+ Rg7 22. Qe5 f6 23. Qxf6+ Qf7 24. Bxg7+ 1-0

[Event "HUN-chT U18"]
[Site "Miskolc"]
[Date "2008.10.29"]
[Round "5.10"]
[White "Kovacs, Klara"]
[Black "Palotai, Bendeguz"]
[Result "1-0"]
[WhiteElo "2072"]
[BlackElo "1677"]
[PlyCount "68"]
[EventDate "2008.10.27"]
[EventType "team-swiss"]
[EventRounds "8"]
[EventCountry "HUN"]
[SourceTitle "EXT 2016"]
[Source "ChessBase"]
[SourceDate "2015.10.08"]
[SourceVersion "1"]
[SourceVersionDate "2015.10.08"]
[SourceQuality "1"]

1. e4 c5 2. Nf3 Nc6 3. d4 cxd4 4. Nxd4 Nf6 5. Nc3 d6 6. Bg5 Qb6 7. Nb3 e6 8. Bb5 a6 9. Be2 Be7 10. 0-0 Qc7 11. Qd2 0-0 12. Rad1 Rd8 13. f4 Rb8 14. f5 b5 15. fxe6 fxe6 16. a3 Bb7 17. Kh1 Kh8 18. Nd4 Nxd4 19. Qxd4 Rbc8 20. Rd3 Qc5 21. Qe3 Qxe3 22. Rxe3 h6 23. Bh4 Rf8 24. Rd3 Rcd8 25. Bf3 Rd7 26. Bxf6 Bxf6 27. Bg4 Re8 28. Re1 Rdd8 29. Bh5 Re7 30. e5 Bg5 31. exd6 Red7 32. Rxe6 Bf6 33. Be8 Kg8 34. Bxd7 Rxd7 1-0

[Event "HUN-chT U18"]
[Site "Miskolc"]
[Date "2008.10.28"]
[Round "2.16"]
[White "Palotai, Bendeguz"]
[Black "Kocsi, Bence"]
[Result "0-1"]
[WhiteElo "1677"]
[BlackElo "1770"]
[PlyCount "100"]
[EventDate "2008.10.27"]
[EventType "team-swiss"]
[EventRounds "8"]
[EventCountry "HUN"]
[SourceTitle "EXT 2016"]
[Source "ChessBase"]
[SourceDate "2015.10.08"]
[SourceVersion "1"]
[SourceVersionDate "2015.10.08"]
[SourceQuality "1"]

1. e4 d5 2. exd5 Qxd5 3. Nc3 Qd8 4. d4 Nf6 5. Be3 Bf5 6. Nf3 e6 7. Bc4 c6 8. 0-0 Bd6 9. Bg5 Nbd7 10. Ne5 h6 11. Bh4 g5 12. Nxd7 Qxd7 13. Bg3 0-0-0 14. Ne2 h5 15. Bxd6 Qxd6 16. c3 Ng4 17. g3 h4 18. h3 Nf6 19. g4 Bxg4 20. hxg4 Nxg4 21. f4 Ne3 22. Qd3 Nxf1 23. Rxf1 g4 24. Rf2 g3 25. Rg2 Rdg8 26. b4 Rg7 27. Qf3 Qe7 28. a4 Kb8 29. b5 Qa3 30. bxc6 Qa1+ 31. Qf1 Qxf1+ 32. Kxf1 h3 33. Rxg3 h2 34. Rxg7 h1Q+ 35. Rg1 Qxc6 36. Bb5 Qd6 37. c4 a6 38. c5 Qd5 39. Bxa6 bxa6 40. Rg5 Qf3+ 41. Ke1 Rh1+ 42. Kd2 Ra1 43. Re5 Ra2+ 44. Ke1 Qh1+ 45. Kf2 Qh4+ 46. Kf3 Ra3+ 47. Kg2 Qh3+ 48. Kf2 Qf3+ 49. Ke1 Re3 50. Rxe3 Qxe3 0-1

[Event "HUN-chT U18"]
[Site "Miskolc"]
[Date "2008.10.27"]
[Round "1.17"]
[White "Korpa, Bence"]
[Black "Palotai, Bendeguz"]
[Result "1-0"]
[WhiteElo "2033"]
[BlackElo "1677"]
[PlyCount "53"]
[EventDate "2008.10.27"]
[EventType "team-swiss"]
[EventRounds "8"]
[EventCountry "HUN"]
[SourceTitle "EXT 2016"]
[Source "ChessBase"]
[SourceDate "2015.10.08"]
[SourceVersion "1"]
[SourceVersionDate "2015.10.08"]
[SourceQuality "1"]

1. e4 c5 2. c3 d5 3. exd5 Qxd5 4. d4 Nc6 5. Nf3 Bg4 6. Be2 e6 7. 0-0 Nf6 8. Be3 cxd4 9. Nxd4 Bxe2 10. Qxe2 Be7 11. Nb5 Qd7 12. Rd1 Qc8 13. Bf4 0-0 14. N1a3 Nd5 15. Bg3 a6 16. Nd4 Rd8 17. Nac2 Bf6 18. Nxc6 bxc6 19. Be5 Bxe5 20. Qxe5 f6 21. Qg3 e5 22. c4 Nf4 23. Qf3 Qc7 24. Nb4 Rdc8 25. Qg4 a5 26. Rd7 Qb6 27. Qxg7# 1-0